| 000 | 00000nam##2200000za#4500 |
| 001 | 9.693606 |
| 003 | CaOODSP |
| 005 | 20231123084324 |
| 007 | cr ||||||||||| |
| 008 | 150407|2001||||xxc|||||o f|0| 0 eng|d |
| 040 | |aCaOODSP|beng |
| 043 | |an-cn--- |
| 086 | 1 |aE2-440/2001E-PDF |
| 110 | 1 |aCanada. |bForeign Affairs and International Trade Canada. |
| 245 | 10|aCrossing the Atlantic : |h[electronic resource]|bexpanding the economic relationship between Canada and Europe |
| 246 | 1 |iAt head of title : |aGovernment response to the fifth report of the Standing Committee on Foreign Affairs and International Trade |
| 260 | |bForeign Affairs and International Trade |c[2001]. |
| 300 | |a28p. |
| 520 | 3 |aThis report highlights the government’s response to recommendations made in Crossing the Atlantic: Expanding the Economic Relationship between Canada and Europe. Topics include improving Canada’s image for investment by Europeans; promoting trade and investment activities and lowering trade barriers in Europe; achieving a free trade agreement with the European Union (EU); launching new World Trade Organization multilateral trade negotiations; expanding Canada-EU bilateral relationships; and assessing the effects of a growing EU. |
| 590 | |a10-06-Supp|b2010-07-26 |
| 690 | 07|aForeign affairs|2gcpds |
| 690 | 07|aInternational trade|2gcpds |
| 690 | 07|aTrade relations|2gcpds |
| 775 | 08|tTraverser l'Atlantique : |w(CaOODSP)9.637781 |
| 776 | 0#|tGovernment response to the fifth report of the Standing Committee on Foreign Affairs and International Trade : |w(CaOODSP)9.663431 |
| 776 | 0#|tRéponse du gouvernement au cinquième rapport du Comité permanent des affaires étrangères et du commerce international : |w(CaOODSP)9.663432 |
| 856 | 40|ahttp://publications.gc.ca|qPDF|s546 KB|uhttps://publications.gc.ca/collections/Collection/E2-440-2001E.pdf |